000 00381nam a22001457a 4500
020 _qHB.
040 _cFizza Ishaq
082 _a940.53
_bMOR
100 _aSherwood, Morgan.
_9133591
245 _aAlaska And Its History /
_cMorgan Sherwood.
250 _a1st Ed.
260 _bUniv. of Washington Press,
_c1967.
300 _a475 p. ;
_c9.3 x 6.2 x 1.7 inches
942 _2ddc
_cBK
999 _c616537
_d616537